Fr. Conceicao Rodrigues College of Engineering

Basic Electronics:Solid state (Record no. 32089)

MARC details
000 -LEADER
fixed length control field 00318nam a2200145Ia 4500
082 ## - DEWEY DECIMAL CLASSIFICATION NUMBER
Classification number 621.381
Item number THE
100 ## - MAIN ENTRY--PERSONAL NAME
Personal name Theraja/B.L.
245 ## - TITLE STATEMENT
Title Basic Electronics:Solid state
260 ## - PUBLICATION, DISTRIBUTION, ETC.
Name of publisher, distributor, etc. S.Chand and Co
Place of publication, distribution, etc. New Delhi
Date of publication, distribution, etc. 1988
300 ## - PHYSICAL DESCRIPTION
Extent 1000
546 ## - LANGUAGE NOTE
Language note ENGLISH
654 ## - SUBJECT ADDED ENTRY--FACETED TOPICAL TERMS
Focus term electronics
942 ## - ADDED ENTRY ELEMENTS (KOHA)
Koha item type BOOK
Holdings
Withdrawn status Lost status Damaged status Not for loan Collection Home library Current library Shelving location Date acquired Cost, normal purchase price Total Checkouts Full call number Barcode Date last seen Cost, replacement price Price effective from Koha item type
        CRC Fr. Agnel's C.Rodrigues College of Engineering Fr. Agnel's C.Rodrigues College of Engineering   17/03/2023 65.00   621.381 THE 2423 17/03/2023 65.00 17/03/2023 BOOK
        CRC Fr. Agnel's C.Rodrigues College of Engineering Fr. Agnel's C.Rodrigues College of Engineering   17/03/2023 65.00   621.381 THE 2424 17/03/2023 65.00 17/03/2023 BOOK